Country Shapes in the Map of Africa #2 - Statistics

General Stats
  • This quiz has been taken 7,737 times
  • The average score is 10 of 10
Answers on the Map
Answers color-coded by a green-red scale on the quiz's map according to % correct below.
 
Answer Stats
Answer % Correct
Madagascar
100%
Algeria
99%
DR Congo
99%
Sudan
99%
Kenya
97%
Nigeria
97%
Senegal
96%
Zimbabwe
96%
Côte d’Ivoire
95%
Gabon
95%
No matching quizzes found
Score Distribution
Percent of People with Each Score
Percentile by Number Answered
Your Score History
You have not taken this quiz